000 00839nam a2200229 a 4500
001 000006111
005 20250721105519.0
008 090826s2006 dr 000 0 spa d
020 _a9993473359
040 _aDO-SdBNP
_bspa
_cBNPHU
082 _a352.14
_bC389g
100 1 _aCedeño, Sergio,
_d1957-
_917206
245 1 3 _aLa gestión municipal :
_bcómo dirigir exitosamente un ayuntamiento /
_cSergio Cedeño ; presentación Amable Aristy Castro.
260 _aSanto Domingo :
_bDe Colores,
_c2006.
300 _a149 p. ;
_c22 cm.
504 _aIncluye referencias bibliográficas y notas al pie de las páginas
590 _aInventariado,2018/DG
650 0 _aGobierno municipal
_917207
650 4 _aMunicipios
_zRepública Dominicana
_917208
650 4 _aServicios municipales
_917209
910 _aValidado. Control de calidad BNPHU
999 _c5907
_d5907